000 00413nam a2200157Ia 4500
008 240729s9999 xx 000 0 und d
022 _a2662-2211
245 0 _aImplementation Science Communications
260 _aUnited Kingdom
260 _bBMC
650 _a Medicine (General)
650 _aMedicine
856 _uhttps://doaj.org/toc/64fd06328ce140f5b9c053331805bac7
942 _2ddc
942 _cDOAJEJ
999 _c74401
_d74401
945 _a1
_bMadushi Gamage
_c1
_dMadushi Gamage